000 01193cam a2200277 4500
001 ABS67972
008 040617n2004 000 0 eng u
035 _a(Sirsi) u126495
100 _aDobie, A.
245 4 _aThe dawn of a new rural era
260 _c2004
490 _aRICS Business
_vMay 2004, 24-26(3)
520 _aLooks at the key factors currently facing the rural sector, which will force farmers and rural businesses to be more flexible in their business approach. Discusses the introduction of single farm payments from January 2005 and other effects of Common Agricultural Policy reform, the increasing non farmer demand for agricultural land, the growth in purchasing of rural property by urban dwellers, with its effect on the rural housing market, and the healthy state of the rural economy with its many opportunities for rural surveyors.
590 _aABS
590 _aABS
650 _aRURAL SURVEYORS
650 _aFARMERS
650 _aRURAL BUSINESSES
650 _aRURAL HOUSING
650 _aRURAL ECONOMY
650 _aAGRICULTURAL SUBSIDIES
650 _aSINGLE FARM PAYMENTS
650 _aCAP REFORM
690 _aRURAL-MARKET
942 _n0
999 _c117530
_d117530